Central Library OPAC University of Rajshahi

The anatomy of achievement motivation / (Record no. 29844)

MARC details
000 -LEADER
fixed length control field 01130nam a22002891 4500
001 - CONTROL NUMBER
control field 29844
003 - CONTROL NUMBER IDENTIFIER
rucl marc code BD-RjUL
005 - DATE AND TIME OF LATEST TRANSACTION
control field 20211209051454.0
008 - FIXED-LENGTH DATA ELEMENTS--GENERAL INFORMATION
fixed length control field 140407r19681967nyu b 001 0 eng
035 ## - SYSTEM CONTROL NUMBER
System control number (BD-RjUL)29929
040 ## - CATALOGING SOURCE
Original cataloging agency DLC
Transcribing agency DLC
Modifying agency DLC
-- BD-RjUL
Language of cataloging eng
041 1# - LANGUAGE CODE
Language code of text/sound track or separate title engund
082 00 - DEWEY DECIMAL CLASSIFICATION NUMBER
Classification number 152.5
Author mark and year HEA 1968
100 1# - MAIN ENTRY--PERSONAL NAME
Personal name Heckhausen, Heinz.
9 (RLIN) 90815
245 14 - TITLE STATEMENT
Title The anatomy of achievement motivation /
Statement of responsibility, etc. Translated by Kay F. Butler, Robert C. Birney and David C. McClelland.
260 ## - PUBLICATION, DISTRIBUTION, ETC. (IMPRINT)
Place of publication, distribution, etc. New York :
Name of publisher, distributor, etc. Academic Press,
Date of publication, distribution, etc. c1967 [1968].
300 ## - PHYSICAL DESCRIPTION
Pagination xvii, 215 p. ;
Size 24 cm.
490 0# - SERIES STATEMENT
Series statement Personality and psychopathology; a series of monographs, texts, and treatises, 1
500 ## - GENERAL NOTE
General note "Extended and revised version of ... [the author's] review article 'Leistungsmotivation' published in ... Handbuch der Psychologie, vol. 2 ... 1965 pp. 602-702."
504 ## - BIBLIOGRAPHY, ETC. NOTE
Bibliography, etc Bibliography: p. 165-193 and indexes.
650 #0 - SUBJECT ADDED ENTRY--TOPICAL TERM
Topical term or geographic name as entry element Achievement motivation.
9 (RLIN) 90816
700 ## - ADDED ENTRY--PERSONAL NAME
Personal name F. Butler, Robert C. Birney
Personal name David C. McClelland.
942 ## - ADDED ENTRY ELEMENTS (KOHA)
Source of classification or shelving scheme Dewey Decimal Classification
Koha item type Books
Holdings
Lost status Source of classification or shelving scheme Damaged status Not for loan Collection code Permanent Location Current Location Shelving location Date acquired Source of acquisition Cost, normal purchase price Total Checkouts Full call number Date last seen Copy number Koha item type
  Dewey Decimal Classification   Added to bundle Non-fiction Central Library, University of Rajshahi Central Library, University of Rajshahi Reading Room 07/01/1970 Zetlinger 0.57   152.5 HEA 1968 07/04/2014 C-1 Books
  Dewey Decimal Classification     Non-fiction Central Library, University of Rajshahi Central Library, University of Rajshahi   31/07/1982 Zetlinger 21.20   152.5 HEA 1968 07/04/2014 C-3 Books
  Dewey Decimal Classification     Non-fiction Central Library, University of Rajshahi Central Library, University of Rajshahi   31/07/1982 Zetlinger 21.20   152.5 HEA 1968 07/04/2014 C-4 Books
  Dewey Decimal Classification     Non-fiction Central Library, University of Rajshahi Central Library, University of Rajshahi   07/01/1970 Zeit 0.00   152.5 HEA 1967 09/04/2014 C-2 Books